000 00836nam a22001937a 4500
005 20250707141258.0
010 _aB-763801-823 BACEN25
020 _a9789391109783
_c595.00
035 _aB-763801-823
037 _bThe Readers Paradise
082 _a485
100 _aDahiya, Disha
_982673
245 _aGrammar in Use:
_bImprove your Grammar Skills/
_cBy Disha Dahiya
260 _aNew Delhi
_bThe Readers Paradise
_c2024
270 _a103, 4787/23, Ansari Road, Darya Ganj
_bNew Delhi
_e110002
_k0954444181
_mthereadersparadisesales@gmail.com
300 _a220p.
_c22cm(pbk)
942 _2ddc
_cEN
_h485
_mDAH
999 _c209236
_d209236